Tracklist - VULTURES 2 By Ye (Kanye West) and Ty Dolla $ign - Statistics

General Stats
  • This quiz has been taken 27 times
  • The average score is 13 of 21
Answer Stats
Features Answer % Correct
530
90%
North West, Chicago West, Yuno Miles BOMB
90%
Playboi Carti, Don Toliver, Kodak Black FIELD TRIP
90%
070 Shake, Desiigner, CyHi SKY CITY
90%
Future PROMOTION
80%
Young Thug RIVER
80%
SLIDE
80%
FRIED
70%
ISABELLA
70%
TIME MOVING SLOW
70%
FOREVER
60%
Lil Baby FOREVER ROLLING
60%
HUSBAND
60%
Lil Wayne LIFESTYLE
60%
Future, Lil Durk DEAD
50%
Big TC MY SOUL
50%
TAKE OFF YOUR DRESS
30%
BELIEVER
20%
Travis Scott CAN U BE
20%
Peso Pluma, Kodak Black DRUNK
20%
Kid Cudi GUN TO MY HEAD
20%
No matching quizzes found
Score Distribution
Percent of People with Each Score
Percentile by Number Answered
Your Score History
You have not taken this quiz